| 000 | 00727nam a22002297a 4500 | ||
|---|---|---|---|
| 999 |
_c35087 _d35087 |
||
| 001 | 4496 | ||
| 003 | CO-MdFUSB | ||
| 005 | 20180622073143.0 | ||
| 008 | 171127s1968 mx ||||| |||| 00| 0 spa d | ||
| 040 |
_aCO-MdFUSB _bspa _cCO-MdFUSB _dCO-MdFUSBC _erda |
||
| 041 | 0 |
_aspa _heng |
|
| 082 | 0 | 4 | _aG 226.6 B2441h |
| 100 | 1 |
_aBarclay, William (1907-1978) _eautor |
|
| 245 | 4 |
_aLos Hechos de los Apóstoles _c/ William Barclay ; Hazael T. Marroquín, Traductor |
|
| 264 | 4 |
_aMéxico, D.F : _bEl Faro, _c[1968] |
|
| 300 | _a297 Pag | ||
| 336 |
_2rdacontent _atexto _btxt |
||
| 337 |
_2rdamedia _asin mediación _bn |
||
| 338 |
_2rdacarrier _avolumen _bnc |
||
| 653 | _aBiblia N.T - Hechos de los apóstoles - Comentarios | ||
| 942 | _cBK | ||